<?xml version="1.0" encoding="UTF-8"?>
<record
    xmlns:xsi="http://www.w3.org/2001/XMLSchema-instance"
    xsi:schemaLocation="http://www.loc.gov/MARC21/slim http://www.loc.gov/standards/marcxml/schema/MARC21slim.xsd"
    xmlns="http://www.loc.gov/MARC21/slim">

  <leader>00768cam2a220021700 4500</leader>
  <controlfield tag="005">20190814092356.0</controlfield>
  <controlfield tag="008">020220                                  </controlfield>
  <datafield tag="020" ind1=" " ind2=" ">
    <subfield code="a">0781715784</subfield>
  </datafield>
  <datafield tag="035" ind1=" " ind2=" ">
    <subfield code="a">(Sirsi) a144643</subfield>
  </datafield>
  <datafield tag="040" ind1=" " ind2=" ">
    <subfield code="a">CIP</subfield>
  </datafield>
  <datafield tag="050" ind1=" " ind2="0">
    <subfield code="a">RJ251</subfield>
    <subfield code="b">Man 1997</subfield>
  </datafield>
  <datafield tag="245" ind1="1" ind2="0">
    <subfield code="a">Manual of neonatal care /</subfield>
    <subfield code="c">edited by John P. Cloherty and Ann R. Stark.</subfield>
  </datafield>
  <datafield tag="250" ind1=" " ind2=" ">
    <subfield code="a">4th ed.</subfield>
  </datafield>
  <datafield tag="260" ind1=" " ind2=" ">
    <subfield code="a">Philadelphia, P.A. :</subfield>
    <subfield code="b">Lippincott Williams and Wilkins,</subfield>
    <subfield code="c">1997.</subfield>
  </datafield>
  <datafield tag="350" ind1=" " ind2=" ">
    <subfield code="a">25</subfield>
  </datafield>
  <datafield tag="504" ind1=" " ind2=" ">
    <subfield code="a">includes bibliographical references and index.</subfield>
  </datafield>
  <datafield tag="650" ind1=" " ind2="0">
    <subfield code="a">Neonatalogy -- Handbooks,manuals,etc.</subfield>
    <subfield code="x">Neonatalogy -- Handbooks,manuals,etc.</subfield>
    <subfield code="6">S86821.1</subfield>
  </datafield>
  <datafield tag="650" ind1=" " ind2="0">
    <subfield code="a">Infants -- Care</subfield>
    <subfield code="x">Infants -- Care</subfield>
    <subfield code="6">S11407.1</subfield>
  </datafield>
  <datafield tag="700" ind1="0" ind2="0">
    <subfield code="a">Cloherty, John P.</subfield>
    <subfield code="6">A115209.1</subfield>
  </datafield>
  <datafield tag="700" ind1="0" ind2="0">
    <subfield code="a">Stark, Ann R.</subfield>
    <subfield code="6">A115210.1</subfield>
  </datafield>
  <datafield tag="999" ind1=" " ind2=" ">
    <subfield code="c">31843</subfield>
    <subfield code="d">31843</subfield>
  </datafield>
  <datafield tag="952" ind1=" " ind2=" ">
    <subfield code="0">0</subfield>
    <subfield code="1">0</subfield>
    <subfield code="2">lcc</subfield>
    <subfield code="4">0</subfield>
    <subfield code="7">0</subfield>
    <subfield code="a">MEDICAL</subfield>
    <subfield code="b">MEDICAL</subfield>
    <subfield code="c">ON-SHELF</subfield>
    <subfield code="l">0</subfield>
    <subfield code="o">RJ 253 MAN 1997</subfield>
    <subfield code="p">33729000448014</subfield>
    <subfield code="r">2019-08-13 00:00:00</subfield>
    <subfield code="t">1</subfield>
    <subfield code="w">2019-08-13</subfield>
    <subfield code="y">BOOK</subfield>
  </datafield>
</record>
